[Event "Groningen op-A"]
[Site "Groningen"]
[Date "2006.12.29"]
[Round "9"]
[White "Slagter, Ruben"]
[Black "Wielinga, Wiebe"]
[Result "0-1"]
[WhiteElo "1813"]
[BlackElo "2154"]
[PlyCount "102"]
[EventDate "2006.12.23"]
[EventType "swiss"]
[EventRounds "9"]
[EventCountry "NED"]
[SourceTitle "CBM 116 Extra"]
[Source "ChessBase"]
[SourceDate "2007.03.07"]
[SourceVersion "1"]
[SourceVersionDate "2007.03.07"]
[SourceQuality "1"]

1. e4 e5 2. Nf3 Nc6 3. d4 exd4 4. Nxd4 Nf6 5. Nc3 Bb4 6. Nxc6 bxc6 7. Bd3 d6 8. 0-0 Ng4 9. Be2 Qh4 10. Bf4 Ne5 11. Bg3 Qf6 12. f4 Ng6 13. e5 Bc5+ 14. Kh1 dxe5 15. fxe5 Qe7 16. Bf3 0-0 17. Bxc6 Rb8 18. b3 Ba6 19. Re1 Rfd8 20. Nd5 Qe6 21. Qf3 Qc8 22. c4 Bb7 23. Bxb7 Rxb7 24. Rad1 c6 25. Nc3 Re8 26. Ne4 Bb4 27. Nd6 Bxd6 28. exd6 Rxe1+ 29. Rxe1 Nf8 30. Qe4 Ne6 31. Bh4 c5 32. Be7 a5 33. Qf5 a4 34. Rf1 Qe8 35. Qd5 Qd7 36. bxa4 Ra7 37. Rb1 Qe8 38. d7 Qxe7 39. Rd1 Nd8 40. h3 g6 41. Qd3 Rxa4 42. Qb3 Rb4 43. Qc3 Rb7 44. Qd2 Rb8 45. a4 Ne6 46. Qd5 Rd8 47. Qd6 Qxd6 48. Rxd6 Kf8 49. a5 Ke7 50. Rb6 Ra8 51. Rb7 Kd8 0-1